Movies Quiz

Random Movies or Star Trek Quiz

Highest Grossing Time Travel Movies Quiz Stats

 Plays Quiz not verified by Sporcle

Score 0/20 Timer 10:00
0 Plays Today
% Correct
Star Trek (2009)
98%
Back to the Future (1985)
96.6%
Back to the Future Part II (1989)
96.3%
Back to the Future Part III (1990)
91.3%
Austin Powers: The Spy Who Shagged Me (1999)
89%
Men in Black 3 (2012)
87.4%
Austin Powers in Goldmember (2002)
86.2%
Terminator 2: Judgement Day (1991)
81.7%
Star Trek IV: The Voyage Home (1986)
81.7%
Terminator: Genisys (2015)
77.8%
% Correct
X-Men: Days of Future Past (2014)
77.5%
Looper (2012)
69.4%
Star Trek: First Contact (1996)
68.3%
The Butterfly Effect (2004)
68%
Mr. Peabody and Sherman (2014)
55.3%
Terminator 3: Rise of the Machines (2003)
53.9%
The Time Traveler's Wife (2009)
51.7%
Meet the Robinsons (2007)
44.7%
Miss Peregrine's Home for Peculiar Children (2016)
30.9%
Deja Vu (2006)
9.8%

You're not logged in!

Compare scores with friends on all Sporcle quizzes.
OR
Log In

Show Comments

Extras

Top Quizzes Today


Score Distribution

Your Account Isn't Verified!

In order to create a playlist on Sporcle, you need to verify the email address you used during registration. Go to your Sporcle Settings to finish the process.

Report this User

Report this user for behavior that violates our Community Guidelines.

Details: